Unlocking Potential 17 Literature Reviews to Promote Creative Thinking, Innovation & STEAM in the Classroom and in the Cloud

Na minha lista:
Detalhes bibliográficos
Formato: Livro
Idioma:inglês
Publicado em: Guarda Guarda Polytechnic University 2024
Edição:1st Edition
Assuntos:
Tags: Adicionar Tag
Sem tags, seja o primeiro a adicionar uma tag!

MARC

LEADER 00000nlm a2200000 4500
001 0306442
005 20250127102758.9
020 |a 978-989-9113-15-2 
041 0 |a eng 
044 |a PT 
245 1 0 |a Unlocking Potential  |b 17 Literature Reviews to Promote Creative Thinking, Innovation & STEAM in the Classroom and in the Cloud 
250 |a 1st Edition 
264 1 |a Guarda  |b Guarda Polytechnic University  |c 2024 
300 |a 185 s. 
610 2 0 |a myslenie kritické 
610 2 0 |a kreativita 
610 2 0 |a pomôcky učebné 
610 2 0 |a inovácie sociálne 
610 2 0 |a inovácie technologické 
610 2 0 |a vzdelávanie ďalšie 
610 2 0 |a učitelia 
610 2 0 |a študenti